Focusing Solutions For Data Mining (Record no. 25216)
[ view plain ]
| 000 -LEADER | |
|---|---|
| fixed length control field | 00341nam a22001457a 4500 |
| 003 - CONTROL NUMBER IDENTIFIER | |
| control field | OSt |
| 005 - DATE AND TIME OF LATEST TRANSACTION | |
| control field | 20211230105553.0 |
| 008 - FIXED-LENGTH DATA ELEMENTS--GENERAL INFORMATION | |
| fixed length control field | 211230b |||||||| |||| 00| 0 eng d |
| 020 ## - INTERNATIONAL STANDARD BOOK NUMBER | |
| International Standard Book Number | 3540664297 |
| 040 ## - CATALOGING SOURCE | |
| Transcribing agency | HU |
| 082 ## - DEWEY DECIMAL CLASSIFICATION NUMBER | |
| Classification number | 005.7 |
| 100 ## - MAIN ENTRY--PERSONAL NAME | |
| Personal name | Reinartz Thomas |
| 9 (RLIN) | 26299 |
| 245 ## - TITLE STATEMENT | |
| Title | Focusing Solutions For Data Mining |
| 942 ## - ADDED ENTRY ELEMENTS (KOHA) | |
| Source of classification or shelving scheme | Dewey Decimal Classification |
| Koha item type | Books like text book referance book |
| Suppress in OPAC | No |
| Withdrawn status | Lost status | Source of classification or shelving scheme | Damaged status | Not for loan | Home library | Current library | Shelving location | Date acquired | Total Checkouts | Full call number | Barcode | Date last seen | Price effective from | Koha item type |
|---|---|---|---|---|---|---|---|---|---|---|---|---|---|---|
| Dewey Decimal Classification | IoT Library | IoT Library | General Stacks | 12/30/2021 | 005.7-RET-1999 | IOTL0002797 | 12/30/2021 | 12/30/2021 | Books like text book referance book | |||||
| Dewey Decimal Classification | IoT Library | IoT Library | General Stacks | 12/30/2021 | 005.7-RET-1999 | IOTL0002798 | 12/30/2021 | 12/30/2021 | Books like text book referance book | |||||
| Dewey Decimal Classification | IoT Library | IoT Library | General Stacks | 12/30/2021 | 005.7-RET-1999 | IOTL0002799 | 12/30/2021 | 12/30/2021 | Books like text book referance book |